BIBLIOTECA PODER JUDICIAL
Portal Judicial TDF

Compendio normativo penal, procesal penal y contravencional de Tierra del Fuego, Antártida e Islas del Atlántico Sur / (Registro nro. 5318)

000 -LEADER
fixed length control field 00520nam a22001577a 4500
003 - CONTROL NUMBER IDENTIFIER
control field OSt
005 - DATE AND TIME OF LATEST TRANSACTION
control field 20250218135928.0
008 - FIXED-LENGTH DATA ELEMENTS--GENERAL INFORMATION
fixed length control field 210824b ||||| |||| 00| 0 spa d
020 ## - INTERNATIONAL STANDARD BOOK NUMBER
International Standard Book Number 9789874798688
245 10 - TITLE STATEMENT
Título Compendio normativo penal, procesal penal y contravencional de Tierra del Fuego, Antártida e Islas del Atlántico Sur /
Mención de responsabilidad, etc Ediciones De La Lenga.
260 ## - PUBLICATION, DISTRIBUTION, ETC. (IMPRINT)
Place of publication, distribution, etc Ushuaia :
Name of publisher, distributor, etc De La Lenga,
Date of publication, distribution, etc 2024.
300 ## - PHYSICAL DESCRIPTION
Extent 480 p.
Dimensions 23 cm.
650 #0 - SUBJECT ADDED ENTRY--TOPICAL TERM
9 (RLIN) 1183
Topical term or geographic name as entry element LEGISLACION
651 #0 - SUBJECT ADDED ENTRY--GEOGRAPHIC NAME
9 (RLIN) 2403
Geographic name TIERRA DEL FUEGO
942 ## - ADDED ENTRY ELEMENTS (KOHA)
Source of classification or shelving scheme
Koha item type Libros
Existencias
Withdrawn status Lost status Source of classification or shelving scheme Damaged status Not for loan Permanent Location Current Location Date acquired Barcode Date last seen Price effective from Koha item type
          Biblioteca Poder Judicial Sur Biblioteca Poder Judicial Sur 2025-02-18 6742 2025-02-18 2025-02-18 Libros

12 de Octubre 789 Ushuaia - Tel:  54(02901)441571
Horario de Atención: 8.00 a 17.00 hs. 
bibliotecaush@justierradelfuego.gov.ar
koha@justierradelfuego.gov.ar
Seguinos en nuestras redes @bibliojustdf 

Con tecnología Koha